| 000 | 00405nam a22001697a 4500 | ||
|---|---|---|---|
| 003 | OSt | ||
| 005 | 20211221110803.0 | ||
| 008 | 211221b |||||||| |||| 00| 0 eng d | ||
| 020 | _a8120324250 | ||
| 040 | _cHU | ||
| 082 | _a658 | ||
| 100 |
_aCHERUNILAM FRANCIS _920816 |
||
| 245 | _aINTERNATIONAL BUSINESS TEXT AND CASES | ||
| 260 |
_aN EW DEHALI _bLTD _c2004 |
||
| 300 | _a767 | ||
| 942 |
_2ddc _cBOOKS _n0 |
||
| 999 |
_c23116 _d23116 |
||